000 00432nam a2200169Ia 4500
008 230917s9999||||xx |||||||||||||| ||und||
020 _cRS750
040 _e224324
_aMAIN
041 _aEnglish
082 _a972.91064 K 155 S:F
100 _aSingh, V.K.
245 0 _aFidel Kastro
260 _aNew delhi
_bRajkamal Parkashan
_c2014
300 _a408 p.
500 _a1929 05/02/2015 RP7637 19/02/2015 Main Budget
942 _cBK
999 _c14383
_d14383